000 00770nam a2200241 a 4500
005 20170323020002.0
008 140127b2006 ck ||||| |||| 00| 0 spa d
020 _a9789588151830
041 _aspa
044 _ack
082 0 4 _a574.90
_bB22e
090 _aIAVH
_b00714
100 1 _aBaptiste, María Piedad
_925150
245 1 0 _aEspecies focales para conservación en el departamento de Córdoba
260 _aBogotá
_bInstituto Alexander von Humboldt
_bCVS
_c2006
300 _a176 p.
_c28 cm.
650 _aFauna colombiana
_91545
650 6 _aConservación de la vida silvestre
_zCórdoba (Colombia)
_925151
650 _aEspecies en peligro
_zCórdoba (Colombia)
_925152
700 1 _aFranco, Ana María
_9408
942 _cLIBRO
_2ddc
_02
945 _d2014-07-30
999 _c5790
_d5790